[Event "Amantea op-B 9th"]
[Site "Amantea"]
[Date "2011.09.07"]
[Round "4"]
[White "Nazzareno, Mario"]
[Black "Andreani, Carlo"]
[Result "0-1"]
[WhiteElo "1413"]
[BlackElo "1386"]
[PlyCount "50"]
[EventDate "2011.09.04"]
[EventType "swiss"]
[EventRounds "8"]
[EventCountry "ITA"]
[SourceTitle "EXT 2014"]
[Source "ChessBase"]
[SourceDate "2013.11.20"]
[SourceVersion "1"]
[SourceVersionDate "2013.11.20"]
[SourceQuality "1"]

1. e4 c5 2. Nf3 a6 3. d4 e6 4. Bc4 b5 5. Bd3 c4 6. Be2 Bb7 7. Bg5 Be7 8. Bxe7 Qxe7 9. Nc3 b4 10. Na4 c3 11. bxc3 Bxe4 12. Nc5 Nf6 13. cxb4 d6 14. Nxe4 Nxe4 15. Qd3 d5 16. Rb1 Nc6 17. a3 0-0 18. 0-0 Rfc8 19. c4 Ng5 20. Nxg5 Qxg5 21. cxd5 exd5 22. Bf3 h5 23. Rfe1 Re8 24. Rxe8+ Rxe8 25. Rc1 Qxc1+ 0-1

[Event "Amantea op-B 9th"]
[Site "Amantea"]
[Date "2011.09.04"]
[Round "1"]
[White "Nazzareno, Mario"]
[Black "Donati, Michele"]
[Result "0-1"]
[WhiteElo "1413"]
[BlackElo "1703"]
[PlyCount "80"]
[EventDate "2011.09.04"]
[EventType "swiss"]
[EventRounds "8"]
[EventCountry "ITA"]
[SourceTitle "EXT 2014"]
[Source "ChessBase"]
[SourceDate "2013.11.20"]
[SourceVersion "1"]
[SourceVersionDate "2013.11.20"]
[SourceQuality "1"]

1. e4 c5 2. Nf3 e6 3. d4 cxd4 4. Nxd4 a6 5. Bc4 Qc7 6. Bb3 Nf6 7. Nc3 Bb4 8. Qf3 Nxe4 9. Nde2 Nxc3 10. bxc3 Be7 11. 0-0 0-0 12. Bb2 Nc6 13. Rad1 b5 14. Nf4 Bb7 15. Qg3 Bd6 16. Bc1 Ne7 17. Qg4 Ng6 18. Nxg6 hxg6 19. f3 Bxh2+ 20. Kh1 Be5 21. Be3 Bxc3 22. Bd4 Bxd4 23. Rxd4 d5 24. Re1 Qc3 25. Re2 a5 26. a3 a4 27. Ba2 Qxa3 28. Bb1 Qc1+ 29. Kh2 Qxb1 30. Re3 Qxc2 31. Rdd3 Qc4 32. Qg5 Qc7+ 33. Kg1 a3 34. Rxa3 Qc1+ 35. Kh2 Rxa3 36. Qe7 Qxe3 37. Qxb7 Qf4+ 38. Kh3 g5 39. g3 Rxf3 40. Qxb5 Qxg3# 0-1